000
00215 a2200085 4500
020
_a
9789387034471
100
_a
R.R. GAUR
245
_a
A FOUNDATION COURSE IN HUMAN VALUES AND PROFESSIONAL ETHICS
260
_b
EXCEL BOOKS
999
_c
13068
_d
13068